| 000 | 02129nam a2200325 4500 | ||
|---|---|---|---|
| 005 | 20191018134136.0 | ||
| 008 | 160523s1946 enk |||fr|||| 001 0bmul d | ||
| 020 | _a978-0-674-99405-8 | ||
| 020 | _a978-0-674-99407-2 | ||
| 040 |
_aCO-BoUCM _bspa _cSandra Yazo _dSandra Yazo |
||
| 041 | 1 |
_alat _aeng |
|
| 082 | 0 | 4 |
_220 _a923.1381 |
| 092 | _aE61N033 | ||
| 100 | 1 |
_aCurtius, Rufus Quintus _968919 |
|
| 242 | 0 | 0 |
_aQuintus Curtius _cTraducción inglesa de John C. Rolfe _yspa _bHistoria de Alexander |
| 245 | 1 | 0 |
_aQuintus Curtius _cWith an english translation by John C. Rolfe _bHistory of Alexander |
| 260 |
_aLondon (Inglaterra) _bHarvard University Press [Imprenta de la Universidad de Harvard] _c1946 |
||
| 300 |
_a2 volúmenes (xxxiv, 429 ; 629 páginas) _c16 x 11 cm. |
||
| 490 | 0 |
_aLoeb classical Library _v368 ; 369 |
|
| 500 | _aDetalles físicos: Encuadernación rígida. Cartón duro forrado en tela. Lomo con adornos en dorado. En la tapa delantera anagrama en dorado. Cubierta de papel rojo con solapa, que incluye datos de autor y de la obra. Guardas. Hoja de cortesía. Anteportada. Portada impresa en una sola tinta; información sobre la obra dentro de un recuadro. Pequeño grabado con el emblema de la Colección (Palas Athenea); en el círculo, la inscripción “Loeb Classical Library”. Texto muy bien impreso en una sola columna: el texto latín, con párrafos numerados, ocupa la página derecha; la traducción inglesa correspondiente a la página de la izquierda. Notas de pie de página. Incluye índice. Hojas de cortesía posteriores y guardas. V.2 al final mapa | ||
| 505 | 2 | _aV.1: Prefacio ; Introducción ; Siglas ; La Historia de Alejandro: Sumario de los libros perdidos I y II ; Libros III, IV y V -- V.2: Libros VI al X ; Índice ; Mapa | |
| 506 | _aConsulta en sala | ||
| 546 | _aTexto en latín e inglés | ||
| 600 | 1 | 7 |
_9470 _aAlejandro Magno _d356-323 a. C. _xBiografías |
| 650 | 7 |
_918628 _aLiteratura clásica |
|
| 650 | 7 |
_923780 _aReyes y soberanos |
|
| 690 |
_aBiografías _97343 |
||
| 700 | 1 | 4 |
_aWay, A. G. _etraductor _998851 |
| 942 |
_2LOCAL _cLIBRO _e1 _hE61N033 |
||
| 999 |
_c316238 _d316238 |
||